00734nam a2200229 a 450000100060000000300080000600500170001400800410003103500190007204000320009104100080012308200250013110000190015624501180017525000380029326000480033130000330037949000260041250000200043865000200045883000260047871992BD-RjUL20211209082210.0170511s1950 nyua 001 0 eng d a(BD-RjUL)72208 aAKRcAKRdUKMdBD-RjULbeng0 aeng a547.84223bMEN 19501 aMeyer, Kurt H.10aNatural and synthetic high polymers :ba textbook and reference book for chemists and biologists /cKurt H. Meyer a2nd completely rev. and augm. ed. aNew York :bInterscience Publishers,c1950. axx, 891 p. :bill. ;c24 cm.1 aHigh polymers ;vv. 4 aIncludes Index. 0aPolymerization. 0aHigh polymers ;vv. 4